000 00258nam a22001217a 4500
008 170615b xxu||||| |||| 00| 0 eng d
041 _aeng
080 _a94
100 _a18
101 _aSHH
245 _aCAPITALISM FREEDOM
_cFRIDMAN.M
942 _2udc
_cBK
999 _c17640
_d17640